Dona Flor e seus dois maridos (Registo nº 186)

Detalhes MARC
000 -Etiqueta do registo
Cabeçalho 00680nam0a2200241 4500
005 - Identificador da versão
Campo de controlo 20240813121756.0
010 ## - Número internacional normalizado dos livros (ISBN)
Número (ISBN) 8493264504
021 ## - Número do Depósito Legal
Código do país PT
Número B. 18093-2002
100 ## - Dados gerais de processamento
Dados gerais de processamento 20160317d2002 aaay1pory5001 ba
102 ## - Pais de publicação ou produção
País de publicação Portugal
101 0# - Língua de publicação
Língua do texto, banda sonora, etc. Português
215 ## - Descrição física 
Indicação específica da natureza do documento e extensão da espécie 579, [1] p
200 1# - Titulo e menção de responsabilidade
Título próprio Dona Flor e seus dois maridos
Primeira menção de responsabilidade Jorge Amado
225 2# - Colecção 
Título próprio da colecção Mil folhas
Indicação de volume 5
210 ## - Publicação, Distribuição, etc. 
Lugar da edição, distribuição, etc. Porto
Nome do editor, distribuidor, etc. Público Comunicação Social
Data da publicação, distribuição, etc. cop. 2002
606 ## - Nome comum usado como assunto
Número de registo de entrada de autoridade 0002174
Palavra de ordem Literatura brasileira
Subdivisão de assunto Romance
Código do sistema CA
675 ## - Classificação Decimal Universal (CDU)
Notação 821.134.3(81)-31
Edição 3ª ed.
Língua da edição por
700 #1 - Nome de autor-pessoa física (responsabilidade principal)
Número de registo de entrada de autoridade 0002343
Palavra de ordem Amado
Outra parte do nome não tomada para palavra de ordem Jorge
Datas 1912-2001
966 ## - Identificação da Biblioteca
Sigla EB2,3ENM
942 ## - Elementos de entrada adicionados (Koha)
Tipo de item no Koha Livro
Exemplares
Situação do levantamento Origin of item (home branch) (coded) Biblioteca de empréstimo Código de barras Cota Circulation type (not for loan) Tipo de documento Nota do exemplar Damaged status
  Biblioteca Escolar Eng. Nuno Mergulhão Biblioteca Escolar Eng. Nuno Mergulhão BENM386 82LE-3 AMA   Livro Sem mensagem